| 000 | 00889nam a2200289Ia 4500 | ||
|---|---|---|---|
| 003 | OSt | ||
| 005 | 20220924114813.0 | ||
| 006 | a|||||r|||| 00| 0 | ||
| 007 | ta | ||
| 008 | 220923b |||||||| |||| 00| 0 ara d | ||
| 020 | _a9789774216651 (pbk) | ||
| 020 | _c975.00 | ||
| 024 | _a281478 | ||
| 037 |
_b606, 04/09/2014, Nadwi Publications _cTextual |
||
| 040 |
_aARTS _cARTS _bara |
||
| 041 |
_2ara _aara |
||
| 082 | _aO111,3N57,WK, 28P3 | ||
| 100 |
_aShriver Lionel Au. _9175478 |
||
| 245 | 0 | _aNuredu an tatanadasa ankefeen | |
| 260 |
_aCairo _bEgyption Book Org Egypt _c2010 |
||
| 300 |
_a625p. _ccm. |
||
| 650 | _a ENGLISH LITERATURE | ||
| 650 | _aENGLISH FICTION | ||
| 700 |
_a Karim M Tr. _9175479 |
||
| 942 |
_hO111,3N57,WK, 28P3 _cTEXL _2CC |
||
| 999 |
_c395383 _d395383 |
||